Szczegóły MARC
| 000 -Nagłówek |
| fixed length control field |
02117nam a2200613 i 4500 |
| 001 - Nr kontrolny bibl., która utworzyła rek. |
| control field |
xx005863659 |
| 003 - Siglum bibl., której nr kontr. jest w 001 |
| control field |
NUKAT |
| 005 - Data i czas ostatniej operacji |
| control field |
20260330115611.0 |
| 008 - Elementy pola stałej długości |
| fixed length control field |
250829s2025 pl a |000 0 pol c |
| 020 ## - ISBN |
| ISBN |
9788375659191 |
| dopowiedzenie |
(oprawa twarda) |
| 035 ## - Systemowy numer kontrolny |
| systemowy numer kontrolny |
(PL)b1000006324471 |
| 035 ## - Systemowy numer kontrolny |
| systemowy numer kontrolny |
(OMNIS)9914883599105606 |
| 035 ## - Systemowy numer kontrolny |
| systemowy numer kontrolny |
(NUKAT)xx005863659 |
| 040 ## - Instytucja sporządzająca opis |
| Instytucja, która sporządziła opis |
OLSZT W |
| Instytucja, która sporządziła rekord |
OLSZT W |
| Instytucja, która zmodyfikowała rekord |
OLSZT W |
| 041 0# - Kod nazwy języka dokumentu |
| Język tekstu |
pol |
| Język streszczeń |
ger |
| 045 2# - Okres czasu dla zawartości |
| czas między r. 9999 pne a nasz. czas. |
d1530 |
| -- |
d1939 |
| 046 ## - Kod rodz. daty, data1, data2 (daty pne) |
| Begin/single date |
1966 |
| 080 ## - Symbol UKD |
| symbol UKD |
016:274.5 |
| 100 1# - Hasło główne-nazwa osobowa |
| Nazwa osobowa |
Chojnacki, Władysław |
| Daty biograficzne |
(1920-1991). |
| rodzaj współpracy |
Autor |
| -- |
Przedmowa |
| 9 (RLIN) |
16142 |
| 245 10 - Tytuł właściwy i oznaczenie odpow. |
| tytuł |
Bibliografia polskich druków ewangelickich Ziem Zachodnich i Północnych : |
| dodatek do tytułu |
1530-1939 / |
| dod. inf. ze s. tyt./ozn. odpow. |
Władysław Chojnacki. |
| 250 ## - Oznaczenie wydania |
| oznaczenie wydania |
Wydanie drugie, rozszerzone i uzupełnione |
| 260 ## - Adres wydawniczy |
| miejsce wydania, dystrybucji itp. |
Warszawa : |
| nazwa wydawcy, dystrybutora itp. |
Wydawnictwo LTW, |
| data wydania, dystrybucji itp. |
2025. |
| 300 ## - Opis fizyczny |
| objętość i/lub forma materiału |
608 stron : |
| inne szczegóły opisu fizycznego |
ilustacje ; |
| format |
25 cm. |
| 336 ## - Content Type |
| Term |
Tekst |
| Code |
txt |
| Source |
rdacontent |
| 337 ## - Media Type |
| Term |
Bez urządzenia pośredniczącego |
| Code |
n |
| Source |
rdamedia |
| 338 ## - Carrier Type |
| Term |
Wolumin |
| Code |
nc |
| Source |
rdacarrier |
| 380 ## - Form of work |
| Form of work |
Książki |
| 380 ## - Form of work |
| Form of work |
Publikacje informacyjne |
| 500 ## - Uwaga ogólna |
| uwaga ogólna |
Streszczenie w języku niemieckim. |
| 504 ## - Uwaga o bibliografii |
| uwaga o bibliografii |
Indeks |
| 610 27 - Hasło przedmiotowe-nazwa ciała zbior. |
| nazwa ciała zbior. lub geogr. |
Kościół Ewangelicko-Augsburski w Polsce |
| źródło hasła |
DBN |
| 9 (RLIN) |
38931 |
| 648 #7 - SUBJECT ADDED ENTRY--CHRONOLOGICAL TERM |
| Chronological term |
1901-2000 |
| Source of heading or term |
DBN |
| 9 (RLIN) |
34996 |
| 648 #7 - SUBJECT ADDED ENTRY--CHRONOLOGICAL TERM |
| Chronological term |
1501-1600 |
| Source of heading or term |
DBN |
| 9 (RLIN) |
36032 |
| 648 #7 - SUBJECT ADDED ENTRY--CHRONOLOGICAL TERM |
| Chronological term |
1601-1700 |
| Source of heading or term |
DBN |
| 9 (RLIN) |
36034 |
| 648 #7 - SUBJECT ADDED ENTRY--CHRONOLOGICAL TERM |
| Chronological term |
1701-1800 |
| Source of heading or term |
DBN |
| 9 (RLIN) |
36035 |
| 648 #7 - SUBJECT ADDED ENTRY--CHRONOLOGICAL TERM |
| Chronological term |
1801-1900 |
| Source of heading or term |
DBN |
| 9 (RLIN) |
36037 |
| 648 #7 - SUBJECT ADDED ENTRY--CHRONOLOGICAL TERM |
| Chronological term |
1901-1914 |
| Source of heading or term |
DBN |
| 9 (RLIN) |
36038 |
| 648 #7 - SUBJECT ADDED ENTRY--CHRONOLOGICAL TERM |
| Chronological term |
1914-1918 |
| Source of heading or term |
DBN |
| 9 (RLIN) |
36040 |
| 648 #7 - SUBJECT ADDED ENTRY--CHRONOLOGICAL TERM |
| Chronological term |
1918-1939 |
| Source of heading or term |
DBN |
| 9 (RLIN) |
36041 |
| 650 #7 - Hasło przedmiotowe-nazwa pospolita |
| nazwa pospolita lub geogr. |
Mazurzy |
| źródło hasła |
DBN |
| 9 (RLIN) |
38043 |
| 650 #7 - Hasło przedmiotowe-nazwa pospolita |
| nazwa pospolita lub geogr. |
Polacy |
| źródło hasła |
DBN |
| 9 (RLIN) |
35100 |
| 650 #7 - Hasło przedmiotowe-nazwa pospolita |
| nazwa pospolita lub geogr. |
Protestanci |
| źródło hasła |
DBN |
| 9 (RLIN) |
38932 |
| 650 #7 - Hasło przedmiotowe-nazwa pospolita |
| nazwa pospolita lub geogr. |
Mazurzy |
| określnik rzeczowy |
życie religijne. |
| źródło hasła |
kaba |
| 9 (RLIN) |
18524 |
| 651 #7 - Hasło przedmiotowe-nazwa geogr. |
| nazwa geograficzna |
Mazury |
| źródło hasła |
DBN |
| 9 (RLIN) |
35176 |
| 651 #7 - Hasło przedmiotowe-nazwa geogr. |
| nazwa geograficzna |
Polska (część północno-zachodnia) |
| źródło hasła |
DBN |
| 9 (RLIN) |
38933 |
| 651 #7 - Hasło przedmiotowe-nazwa geogr. |
| nazwa geograficzna |
Prusy Wschodnie |
| źródło hasła |
DBN |
| 9 (RLIN) |
35154 |
| 651 #7 - Hasło przedmiotowe-nazwa geogr. |
| nazwa geograficzna |
Warmia |
| źródło hasła |
DBN |
| 9 (RLIN) |
35166 |
| 655 #7 - Termin określający rodzaj/formę |
| rodzaj/forma |
Bibliografia |
| źródło terminu |
DBN |
| 9 (RLIN) |
35674 |
| 658 ## - Nazwa określająca cel programu nauczania |
| główny cel programu nauczania |
Bibliotekarstwo, archiwistyka, muzealnictwo |
| 658 ## - Nazwa określająca cel programu nauczania |
| główny cel programu nauczania |
Religia i duchowość |
| 710 2# - Hasło dodatkowe - nazwa ciała zbior. |
| nazwa ciała zbior. lub nazwa geogr. |
Wydawnictwo LTW. |
| rodzaj współpracy |
Wydawca |
| 9 (RLIN) |
39197 |
| 920 ## - ISBN |
| ISBN |
978-83-7565-919-1 (oprawa twarda) |
| 942 ## - ADDED ENTRY ELEMENTS (KOHA) |
| Source of classification or shelving scheme |
Dewey Decimal Classification |
| Koha item type |
pozycje dostępne na miejscu |